000 00165 a2200085 4500
041 _aspa
100 _aRoger Matuz Lazo
245 _aEspaǫl Segundo Aǫ
942 _cBK
999 _c15843
_d15843